[Event "Blitz chess"]
[Site "SchemingMind.com"]
[Date "2008.05.14"]
[Round "-"]
[White "dvaldez"]
[Black "Joe Daudish"]
[Result "1-0"]
[WhiteCountry "CAN"]
[BlackCountry "USA"]
[WhiteElo "1903"]
[WhiteRD "94"]
[BlackElo "1758"]
[BlackRD "44"]
[GameID "154864"]

1. e4 e6 2. d4 d5 3. Nd2 dxe4 4. Nxe4 Nd7 5. Nf3 Ngf6 6. Nxf6+ Nxf6 7. Bd3 Be7 8. O-O h6 9. Qe2 O-O 10. Rd1 b6
11. Ne5 Bb7 12. c4 c6 13. Bf4 a6 14. Rac1 c5 15. dxc5 Qc8 16. cxb6 Qc5 17. Rc3 Qxb6 18. Rb3 Qa7 19. Ng6 Rfe8 20. Nxe7+ Rxe7
21. Be5 Ne8 22. Bb1 Qc5 23. Rg3 f6 24. Bd4 Qc6 25. Bg6 e5 26. Be3 Kf8 27. c5 a5 28. Qg4 Qe6 29. Qh5 Bc6 30. Bxh6 gxh6
31. Bxe8 Rg7 32. Qxh6 Ra7 33. Bxc6 Qxa2 34. Rd8+ Ke7 35. Re8+
1-0

[Event "Blitz chess"]
[Site "SchemingMind.com"]
[Date "2008.05.18"]
[Round "-"]
[White "startstek"]
[Black "dvaldez"]
[Result "1-0"]
[WhiteCountry "ALG"]
[BlackCountry "CAN"]
[WhiteElo "2195"]
[WhiteRD "108"]
[BlackElo "1883"]
[BlackRD "83"]
[GameID "154866"]

1. e4 c5 2. Nf3 Nc6 3. d4 cxd4 4. Nxd4 Nf6 5. Nc3 e5 6. Ndb5 d6 7. Bg5 a6 8. Na3 b5 9. Bxf6 gxf6 10. Nd5 f5
11. Bd3 Be6 12. Qh5 Bg7 13. O-O f4 14. c4 bxc4 15. Bxc4 O-O 16. Rac1 Kh8 17. Rfd1 Rb8 18. b3 Nb4 19. Nxb4 Rxb4 20. Bxe6 fxe6
21. Nc4 d5 22. exd5 exd5 23. Nxe5 Kg8 24. Nc6
1-0

[Event "Blitz chess"]
[Site "SchemingMind.com"]
[Date "2008.05.13"]
[Round "-"]
[White "keen"]
[Black "dvaldez"]
[Result "1/2-1/2"]
[WhiteCountry "SCO"]
[BlackCountry "CAN"]
[WhiteElo "1796"]
[WhiteRD "57"]
[BlackElo "1905"]
[BlackRD "81"]
[GameID "154868"]

1. d4 Nf6 2. e3 g6 3. Bd3 Bg7 4. Nd2 O-O 5. f4 d5 6. Ngf3 Bf5 7. Bxf5 gxf5 8. O-O Ng4 9. Nb3 Nd7 10. h3 Ngf6
11. Ng5 h6 12. Nf3 Ne4 13. Ne5 Bxe5 14. fxe5 e6 15. Qh5 Kh7 16. Rf4 Ng3 17. Qf3 Rg8 18. Bd2 Qg5 19. Be1 f6 20. Kh2 fxe5
21. dxe5 Nxe5 22. Qxg3 Qh5 23. Qh4 Qe2 24. Bf2 Ng6 25. Nd4 Qd2 26. Nf3 Qxc2 27. Ng5+ Kg7 28. Nxe6+ Kh7 29. Ng5+ Kg7 30. Ne6+ Kh7
31. Ng5+ Kg7 32. Ne6+
1/2-1/2

[Event "Blitz chess"]
[Site "SchemingMind.com"]
[Date "2008.05.14"]
[Round "-"]
[White "alejandroales"]
[Black "dvaldez"]
[Result "0-1"]
[WhiteCountry "ARG"]
[BlackCountry "CAN"]
[WhiteElo "1711"]
[WhiteRD "82"]
[BlackElo "1905"]
[BlackRD "81"]
[GameID "154869"]

1. e4 c5 2. Nc3 Nc6 3. Nge2 e6 4. d4 cxd4 5. Nxd4 Nf6 6. Be2 d6 7. Be3 Be7 8. O-O O-O 9. f4 Qc7 10. Kh1 Bd7
11. Qe1 a6 12. Qg3 b5 13. e5 Nd5 14. Nxd5 exd5 15. f5 Rfc8 16. e6 fxe6 17. Nxe6 Bxe6 18. fxe6 Ne5 19. Rf5 Rf8 20. Raf1 Qxc2
21. Bh6 Ng6 22. Bd3 Rxf5 23. Rxf5 Qxb2 24. Bxg7 Qxg7 25. Rf7 Qh6 26. h3 Qh4 27. Qxh4 Bxh4 28. Rd7 Bg3 29. e7 Re8
0-1

[Event "Blitz chess"]
[Site "SchemingMind.com"]
[Date "2008.05.18"]
[Round "-"]
[White "Schaakmaatje"]
[Black "dvaldez"]
[Result "1-0"]
[WhiteCountry "NED"]
[BlackCountry "CAN"]
[WhiteElo "1760"]
[WhiteRD "46"]
[BlackElo "1905"]
[BlackRD "81"]
[GameID "154870"]

1. d4 Nf6 2. Bg5 Ne4 3. Bh4 g5 4. f3 gxh4 5. fxe4 c5 6. e3 Qb6 7. Nc3 Qxb2 8. Nb5 Qb4+ 9. Kf2 Na6 10. Nf3 c4
11. Rb1 Qa4 12. Ne5 d6 13. Bxc4 dxe5 14. Bb3 Qa5 15. Qh5 Qd2+ 16. Kf3 e6 17. Rhd1 Qa5 18. Qxe5 b6 19. Qxh8 Qxb5 20. Bd5 Qxb1
21. Rxb1 exd5 22. Qe5+ Be7 23. Qxd5 Rb8 24. Qh5 Nb4 25. Rxb4 Bxb4 26. Qb5+ Bd7 27. Qxb4
1-0

[Event "Blitz chess"]
[Site "SchemingMind.com"]
[Date "2008.05.14"]
[Round "-"]
[White "Joe Daudish"]
[Black "dvaldez"]
[Result "0-1"]
[WhiteCountry "USA"]
[BlackCountry "CAN"]
[WhiteElo "1748"]
[WhiteRD "44"]
[BlackElo "1905"]
[BlackRD "81"]
[GameID "154871"]

1. d4 Nf6 2. Nf3 e6 3. Bf4 d5 4. h3 c6 5. e3 Qb6 6. b3 Ne4 7. Nfd2 Bb4 8. Bd3 Nxd2 9. Nxd2 Bc3 10. Rb1 Qa5
11. a4 Na6 12. Bxa6 Qxa6 13. Qe2 Qa5 14. Rd1 b6 15. O-O Ba6 16. Qe1 O-O-O 17. f3 Bxf1 18. Kxf1 f6 19. Qe2 g5 20. Bg3 Bxd2
21. Qxd2 Qxd2 22. Rxd2 h5 23. Ke2 Rde8 24. c3 Rhg8 25. Bf2 g4 26. fxg4 hxg4 27. h4 g3 28. Be1 Rg4 29. Kf3 Reg8 30. Re2 f5
31. b4 Kd7 32. Rc2 Kd6 33. c4 dxc4 34. Rxc4 Kd5 35. Rc2 Rxh4 36. Bxg3 Rh1 37. a5 Rb1 38. axb6 axb6 39. Bf4 Rxb4 40. g3 Rb1
41. Bc7 Ra8 42. Rc3 Rc8 43. Bf4 Ra8 44. g4 fxg4+ 45. Kxg4 Rg8+ 46. Kf3 Rf1+ 47. Ke2 Rh1 48. Kf3 Rh3+ 49. Kf2 Ra8 50. Kg2 Rah8
51. Bc7 R3h7 52. Bxb6 Rf7 53. Rc5+ Ke4 54. Rg5 Rf5 55. Rg4+ Kd3 56. e4 Rb5 57. Bc5 e5 58. Bd6 exd4 59. e5 Rh6 60. Rf4 Ke3
61. Rf6 Rxf6 62. exf6 Rf5 63. Be7 d3 64. Kg3 d2 65. Kg4 Rf4+ 66. Kg5 d1=Q 67. Kg6 Qg4+
0-1

[Event "Blitz chess"]
[Site "SchemingMind.com"]
[Date "2008.05.18"]
[Round "-"]
[White "strokem1"]
[Black "startstek"]
[Result "0-1"]
[WhiteCountry "USA"]
[BlackCountry "ALG"]
[WhiteElo "1568"]
[WhiteRD "71"]
[BlackElo "2153"]
[BlackRD "116"]
[GameID "154894"]

1. e4 e5 2. Nf3 Nc6 3. Nc3 Nf6 4. Bc4 Bc5 5. a3 d6 6. b4 Bb6 7. a4 a6 8. Na2 Nxe4 9. O-O O-O 10. d3 Nf6
11. Be3 d5 12. Bb3 Qe7 13. c4 e4 14. dxe4 dxe4 15. Bxb6 exf3 16. Bc5 Qe4 17. g3 Rd8 18. Qe1 Qg4 19. Qe3 Re8 20. Qc3 Ne4
21. Qe3 Ne5 22. Bd1 Ng5 23. Nc1 Qh3
0-1

[Event "Blitz chess"]
[Site "SchemingMind.com"]
[Date "2008.05.13"]
[Round "-"]
[White "strokem1"]
[Black "dvaldez"]
[Result "1-0"]
[WhiteCountry "USA"]
[BlackCountry "CAN"]
[WhiteElo "1568"]
[WhiteRD "71"]
[BlackElo "1905"]
[BlackRD "81"]
[GameID "154895"]

1. e4 c5 2. Nf3 Nc6 3. d4 cxd4 4. Nxd4 Nf6 5. Nc3 e5 6. Nf5 d5 7. f3 d4 8. Nb5 a6 9. Na3 Bxa3 10. bxa3 Bxf5
11. exf5 Nd5 12. Bd2 O-O 13. Bc4 Re8 14. O-O Qh4 15. Bxd5 Rad8 16. Be4 Rd6 17. Qe2 b5 18. g3 Qd8 19. a4 Qb6 20. axb5 axb5
21. a4 bxa4 22. Rxa4 Red8 23. Ra6 Qc5 24. Rfa1 d3+ 25. Qe3 Qxe3+ 26. Bxe3 Nb4 27. Rxd6
1-0

[Event "Blitz chess"]
[Site "SchemingMind.com"]
[Date "2008.05.13"]
[Round "-"]
[White "strokem1"]
[Black "keen"]
[Result "0-1"]
[WhiteCountry "USA"]
[BlackCountry "SCO"]
[WhiteElo "1551"]
[WhiteRD "64"]
[BlackElo "1820"]
[BlackRD "54"]
[GameID "154897"]

1. d4 d5 2. c4 e6 3. Bf4 Nf6 4. Nc3 c5 5. dxc5 Bxc5 6. cxd5 exd5 7. e4 Qb6 8. Bg3 O-O 9. exd5 Qxb2 10. Be5 Qxf2#
0-1

[Event "Blitz chess"]
[Site "SchemingMind.com"]
[Date "2008.05.13"]
[Round "-"]
[White "strokem1"]
[Black "alejandroales"]
[Result "0-1"]
[WhiteCountry "USA"]
[BlackCountry "ARG"]
[WhiteElo "1551"]
[WhiteRD "64"]
[BlackElo "1673"]
[BlackRD "90"]
[GameID "154898"]

1. d4 Nf6 2. c4 e6 3. Nc3 Bb4 4. Nf3 b6 5. a3 Bxc3+ 6. bxc3 c5 7. Bg5 O-O 8. e3 Bb7 9. Bd3 Nc6 10. O-O h6
11. Bh4 d6 12. a4 Qe7 13. a5 Nxa5 14. e4 e5 15. d5 Bc8 16. h3 g5 17. Bg3 Nh5 18. Bh2 Nf4 19. Bxf4 exf4 20. Re1 f6
21. Qc2 Nb7 22. Kh2 Nd8 23. g3 fxg3+ 24. fxg3 Nf7 25. Be2 Ne5 26. Rf1 Kg7 27. Rf2 h5 28. h4 Ng4+ 29. Kg2 Ne3+
0-1

[Event "Blitz chess"]
[Site "SchemingMind.com"]
[Date "2008.05.18"]
[Round "-"]
[White "strokem1"]
[Black "Schaakmaatje"]
[Result "0-1"]
[WhiteCountry "USA"]
[BlackCountry "NED"]
[WhiteElo "1551"]
[WhiteRD "64"]
[BlackElo "1743"]
[BlackRD "46"]
[GameID "154899"]

1. e4 c6 2. Nf3 d5 3. e5 Bf5 4. d4 e6 5. c4 Bb4+ 6. Nc3 Ne7 7. Bd2 h6 8. c5 O-O 9. a3 Bxc3 10. Bxc3 b6
11. b4 bxc5 12. bxc5 a5 13. a4 Na6 14. Bxa6 Rxa6 15. O-O Ng6 16. Nh4 Nxh4
0-1

[Event "Blitz chess"]
[Site "SchemingMind.com"]
[Date "2008.05.14"]
[Round "-"]
[White "strokem1"]
[Black "Joe Daudish"]
[Result "0-1"]
[WhiteCountry "USA"]
[BlackCountry "USA"]
[WhiteElo "1551"]
[WhiteRD "64"]
[BlackElo "1758"]
[BlackRD "44"]
[GameID "154900"]

1. e4 e6 2. f4 d5 3. e5 Ne7 4. Nf3 Ng6 5. d4 c5 6. c4 Be7 7. Be2 dxc4 8. Bxc4 Nc6 9. Bb5 O-O 10. Nc3 Nxd4
11. Nxd4 Qxd4 12. Qxd4 cxd4 13. Ne4 Rd8 14. Nf2 a6 15. Bd3 b5 16. a3 Bb7 17. O-O Rac8 18. b4 Bd5 19. Re1 Bc4 20. Bxc4 Rxc4
21. Nd3 Rc3 22. Rd1 Nh4 23. Nc5 Bxc5 24. bxc5 Rxc5 25. Rd2 Nf5 26. Bb2 Rc4 27. Rad1 g6 28. Rd3 h5 29. h3 Kg7 30. Kh2 h4
31. R1d2 b4 32. axb4 Rxb4 33. Ba3 Rb1 34. Bc5 Ng3 35. Rd1 Rxd1 36. Rxd1 d3 37. Be7 Rd5 38. Bxh4 Ne4 39. Be1 d2 40. Bh4 Nc3
0-1

[Event "Blitz chess"]
[Site "SchemingMind.com"]
[Date "2008.05.14"]
[Round "-"]
[White "strokem1"]
[Black "Krizar"]
[Result "1-0"]
[WhiteCountry "USA"]
[BlackCountry "CRO"]
[WhiteElo "1551"]
[WhiteRD "64"]
[BlackElo "1546"]
[BlackRD "98"]
[GameID "154901"]

1. e4 e5 2. f4 exf4 3. Nf3 d6 4. Bc4 h6 5. d3 g5 6. h4 g4 7. Nd4 Bg7 8. Nf5 Bxf5 9. exf5 Qe7+ 10. Qe2 Qxe2+
11. Kxe2 f3+ 12. gxf3 gxf3+ 13. Kxf3
1-0

[Event "Blitz chess"]
[Site "SchemingMind.com"]
[Date "2008.05.18"]
[Round "-"]
[White "startstek"]
[Black "strokem1"]
[Result "1-0"]
[WhiteCountry "ALG"]
[BlackCountry "USA"]
[WhiteElo "2153"]
[WhiteRD "116"]
[BlackElo "1568"]
[BlackRD "71"]
[GameID "154902"]

1. e4 c5 2. Nf3 Nc6 3. d4 cxd4 4. Nxd4 a6 5. c4 e5 6. Nc2 Bc5 7. Nc3 d6 8. Be2 h6 9. O-O Nf6 10. Be3 Bxe3
11. Nxe3 O-O 12. Qd2 Be6 13. Rfd1 Nd4 14. Bf1 Qc7 15. Rac1 Rab8 16. b3 b5 17. cxb5 axb5 18. Nxb5 Nxb5 19. Rxc7
1-0

[Event "Blitz chess"]
[Site "SchemingMind.com"]
[Date "2008.05.13"]
[Round "-"]
[White "dvaldez"]
[Black "strokem1"]
[Result "1-0"]
[WhiteCountry "CAN"]
[BlackCountry "USA"]
[WhiteElo "1903"]
[WhiteRD "94"]
[BlackElo "1551"]
[BlackRD "64"]
[GameID "154903"]

1. e4 c5 2. Nf3 Nc6 3. d4 cxd4 4. Nxd4 a6 5. c4 e5 6. Nf3 f5 7. Nc3 f4 8. g3 Bc5 9. Qd5 d6 10. gxf4 exf4
11. Bxf4 Nf6 12. Qg5 O-O 13. Rg1 Rf7 14. O-O-O Bg4 15. Rxg4 Nxg4 16. Qxg4 Bxf2 17. Bxd6 Rc8 18. Bc5 Qf6 19. Qxc8+
1-0

[Event "Blitz chess"]
[Site "SchemingMind.com"]
[Date "2008.05.13"]
[Round "-"]
[White "keen"]
[Black "strokem1"]
[Result "1-0"]
[WhiteCountry "SCO"]
[BlackCountry "USA"]
[WhiteElo "1820"]
[WhiteRD "54"]
[BlackElo "1551"]
[BlackRD "64"]
[GameID "154905"]

1. d4 Nf6 2. e3 d5 3. Bd3 c5 4. c3 c4 5. Bc2 Nc6 6. Nd2 a5 7. f4 b5 8. Ngf3 Bg4 9. h3 Bh5 10. g4 Nxg4
11. hxg4 Bxg4 12. Qe2 g6 13. Qg2 Qd7 14. e4 dxe4 15. Nxe4 f5 16. Ne5 Nxe5 17. Nf6+ exf6 18. Qxa8+ Kf7 19. fxe5 fxe5 20. Be3 e4
21. O-O Bg7 22. Qxe4 Bh5 23. Rae1 Re8 24. Qf4 Bf6 25. Bd1 Bxd1 26. Rxd1 Re4 27. Qf3
1-0

[Event "Blitz chess"]
[Site "SchemingMind.com"]
[Date "2008.05.14"]
[Round "-"]
[White "alejandroales"]
[Black "strokem1"]
[Result "1-0"]
[WhiteCountry "ARG"]
[BlackCountry "USA"]
[WhiteElo "1673"]
[WhiteRD "90"]
[BlackElo "1551"]
[BlackRD "64"]
[GameID "154906"]

1. d4 d5 2. c4 dxc4 3. Nf3 Nf6 4. e3 Bf5 5. Bxc4 e6 6. Nc3 Bd6 7. Qb3 O-O 8. Qxb7 Nbd7 9. O-O c5 10. Rd1 cxd4
11. Nxd4 Bg6 12. Nxe6 fxe6 13. Rxd6 Bf7 14. Qa6 Ne8 15. Rd1 Qe7 16. a3 Nc7 17. Qd6 Qxd6 18. Rxd6 Ne5 19. Ba2 Rad8 20. Rxd8 Rxd8
21. Kf1 Bh5 22. f3 Kf7 23. Ke2 Na6 24. b4 g5 25. h3 h6 26. Bb2 Bg6 27. Rd1 Rxd1 28. Nxd1 Nc7 29. Bxe5
1-0

[Event "Blitz chess"]
[Site "SchemingMind.com"]
[Date "2008.05.18"]
[Round "-"]
[White "Schaakmaatje"]
[Black "strokem1"]
[Result "1-0"]
[WhiteCountry "NED"]
[BlackCountry "USA"]
[WhiteElo "1743"]
[WhiteRD "46"]
[BlackElo "1551"]
[BlackRD "64"]
[GameID "154907"]

1. d4 d5 2. c4 Nf6 3. Nf3 Bf5 4. Nc3 dxc4 5. Bf4 Nc6 6. e3 e6 7. Bxc4 Bd6 8. Bxd6 cxd6 9. O-O d5 10. Bd3 Ne4
11. Ne5 Nxe5 12. dxe5 Qc7 13. Bb5+ Ke7 14. Qd4 a6 15. Be2 h5 16. Rac1 h4 17. Nxe4 Bxe4 18. Rxc7+
1-0

[Event "Blitz chess"]
[Site "SchemingMind.com"]
[Date "2008.05.14"]
[Round "-"]
[White "Joe Daudish"]
[Black "strokem1"]
[Result "1-0"]
[WhiteCountry "USA"]
[BlackCountry "USA"]
[WhiteElo "1758"]
[WhiteRD "44"]
[BlackElo "1551"]
[BlackRD "64"]
[GameID "154908"]

1. d4 d5 2. Nf3 Nf6 3. Bf4 e6 4. h3 Nc6 5. e3 Bd7 6. c3 Be7 7. Bd3 O-O 8. O-O Nh5 9. Bh2 e5 10. dxe5 Be6
11. Nd4 Qd7 12. Qxh5 g6 13. Qd1 Nxd4 14. exd4 c5 15. Nd2 c4 16. Bc2 b5 17. a3 f5 18. exf6 Rxf6 19. Nf3 Rff8 20. Ne5 Qe8
21. Qd2 a5 22. f4 a4 23. Rf2 Ra6 24. Raf1 Bf5 25. Bxf5 Rxf5 26. g4 Rf8 27. Bg3 Raf6 28. Kg2 Bd6 29. Re1 Qc8 30. Bh4
1-0

[Event "Blitz chess"]
[Site "SchemingMind.com"]
[Date "2008.05.14"]
[Round "-"]
[White "Krizar"]
[Black "strokem1"]
[Result "0-1"]
[WhiteCountry "CRO"]
[BlackCountry "USA"]
[WhiteElo "1546"]
[WhiteRD "98"]
[BlackElo "1551"]
[BlackRD "64"]
[GameID "154909"]

1. e4 c5 2. Nf3 Nc6 3. Bb5 Nd4 4. Nxd4 cxd4 5. c3 e5 6. cxd4 exd4 7. O-O a6 8. Bc4 Qh4 9. Qf3 Nh6 10. d3 f6
11. Qf4 Qh5
0-1

[Event "Blitz chess"]
[Site "SchemingMind.com"]
[Date "2008.05.19"]
[Round "-"]
[White "myghtyhill"]
[Black "startstek"]
[Result "0-1"]
[WhiteCountry "CHN"]
[BlackCountry "ALG"]
[WhiteElo "1714"]
[WhiteRD "79"]
[BlackElo "2153"]
[BlackRD "116"]
[GameID "154956"]

1. e4 e5 2. Nf3 Nc6 3. Bb5 a6 4. Ba4 Nf6 5. O-O Be7 6. Re1 b5 7. Bb3 d6 8. d4 O-O 9. Nc3 Nxd4 10. Nxd4 exd4
11. Nd5 c5 12. c4 Nxd5 13. exd5 Bf5 14. Bc2 Bxc2 15. Qxc2 Bf6 16. Bf4 Ra7 17. cxb5 axb5 18. g4 Re7 19. g5 Bxg5 20. Bxg5 Rxe1+
21. Rxe1 Qxg5+ 22. Kf1 Qxd5 23. a4 c4 24. axb5 d3
0-1

[Event "Blitz chess"]
[Site "SchemingMind.com"]
[Date "2008.05.14"]
[Round "-"]
[White "myghtyhill"]
[Black "dvaldez"]
[Result "0-1"]
[WhiteCountry "CHN"]
[BlackCountry "CAN"]
[WhiteElo "1725"]
[WhiteRD "87"]
[BlackElo "1903"]
[BlackRD "94"]
[GameID "154957"]

1. e4 c5 2. Nf3 Nc6 3. d4 cxd4 4. Nxd4 Nf6 5. Nc3 e5 6. Ndb5 d6 7. Bg5 a6 8. Na3 b5 9. Nd5 Be7 10. Nxf6+ Bxf6
11. Bxf6 Qxf6 12. Bd3 Qg6 13. g3 O-O 14. O-O Bh3 15. Re1 Nd4 16. c3 Bg4 17. Be2 Nxe2+ 18. Rxe2 Qh5 19. Qxd6 Bxe2 20. Nc2 Bf3
21. Qd3 Rad8 22. Qe3 Qg4 23. Ne1 Rd1 24. Rxd1 Bxd1 25. Nd3 Bc2 26. Nxe5 Qxe4 27. Qc5 Qe1+ 28. Kg2 Be4+ 29. Kh3 Qd1 30. Qe7 Qh5+
31. Qh4 Qxe5 32. Qxh7+ Kxh7
0-1

[Event "Blitz chess"]
[Site "SchemingMind.com"]
[Date "2008.05.14"]
[Round "-"]
[White "myghtyhill"]
[Black "keen"]
[Result "1/2-1/2"]
[WhiteCountry "CHN"]
[BlackCountry "SCO"]
[WhiteElo "1725"]
[WhiteRD "87"]
[BlackElo "1820"]
[BlackRD "54"]
[GameID "154959"]

1. e4 c5 2. Nf3 d6 3. d4 cxd4 4. Nxd4 Nc6 5. Nc3 Nf6 6. Bg5 Qb6 7. Bxf6 exf6 8. Nb3 Be6 9. Bd3 Be7 10. O-O O-O
11. Kh1 Ne5 12. Nd5 Bxd5 13. exd5 Rac8 14. f4 Nc4 15. Bxc4 Rxc4 16. Qe2 Qc7 17. Rac1 Re8 18. Qd3 Bf8 19. Nd2 Rb4 20. b3 Qc5
21. a3 Rd4 22. b4 Rxd3 23. bxc5 Rxd2 24. cxd6 Bxd6 25. c4 Ree2 26. c5 Rxg2 27. Rfe1 Rxh2+ 28. Kg1 Bf8 29. c6 Rdg2+=
1/2-1/2

[Event "Blitz chess"]
[Site "SchemingMind.com"]
[Date "2008.05.14"]
[Round "-"]
[White "myghtyhill"]
[Black "alejandroales"]
[Result "0-1"]
[WhiteCountry "CHN"]
[BlackCountry "ARG"]
[WhiteElo "1714"]
[WhiteRD "79"]
[BlackElo "1711"]
[BlackRD "82"]
[GameID "154960"]

1. e4 c5 2. Nf3 d6 3. d4 cxd4 4. Nxd4 Nf6 5. Nc3 g6 6. Bg5 Bg7 7. Bb5+ Bd7 8. O-O O-O 9. Re1 Nc6 10. Kh1 Ng4
11. Be3 Nxe3 12. fxe3 Ne5 13. Be2 Rc8 14. Nd5 Nc4 15. Bxc4 Rxc4 16. Qd3 Rc5 17. b4 Rc8 18. Rac1 a6 19. c4 Be6 20. Nf3 Bg4
21. a4 Bxf3 22. gxf3 e6 23. Nf4 Qe7 24. b5 Rfd8 25. bxa6 bxa6 26. Ne2 Rc5 27. Nd4 Qh4 28. Nb3 Rg5 29. Rg1 Rh5 30. Rc2 Rb8
31. Nd4 Qh3 32. Qe2 Rb4 33. a5 Ra4 34. Nc6 Rc5 35. Ne7+ Kf8 36. Rb2 Kxe7 37. Rb7+ Ke8 38. Rb8+ Kd7 39. Rgb1 Raxc4 40. R8b7+ Ke8
41. Rb8+ Ke7 42. R1b7+ Kf6 43. e5+ dxe5 44. Rd7 Rc2 45. Rd2 Rxd2
0-1

[Event "Blitz chess"]
[Site "SchemingMind.com"]
[Date "2008.05.15"]
[Round "-"]
[White "myghtyhill"]
[Black "strokem1"]
[Result "1-0"]
[WhiteCountry "CHN"]
[BlackCountry "USA"]
[WhiteElo "1725"]
[WhiteRD "87"]
[BlackElo "1551"]
[BlackRD "64"]
[GameID "154961"]

1. e4 e5 2. Nf3 Nc6 3. Bb5 d6 4. d4 a6 5. Bxc6+ bxc6 6. dxe5 Bg4 7. O-O Bxf3 8. Qxf3 dxe5 9. Nc3 Bc5 10. Be3 Bb6
11. Rad1 Qe7 12. Rd3 Nf6 13. Rfd1 Qe6 14. Bxb6 cxb6 15. Rd6 Qc4 16. Qg3 Nh5 17. Qxe5+
1-0

[Event "Blitz chess"]
[Site "SchemingMind.com"]
[Date "2008.05.18"]
[Round "-"]
[White "myghtyhill"]
[Black "Schaakmaatje"]
[Result "1-0"]
[WhiteCountry "CHN"]
[BlackCountry "NED"]
[WhiteElo "1714"]
[WhiteRD "79"]
[BlackElo "1760"]
[BlackRD "46"]
[GameID "154962"]

1. e4 c5 2. Nf3 Nc6 3. d4 cxd4 4. Nxd4 e5 5. Nxc6 bxc6 6. Nc3 Bb4 7. Bc4 Nf6 8. Bg5 h6 9. Bh4 g5 10. Bg3 Qe7
11. Qe2 d6 12. a3 Ba5 13. O-O Bb6 14. Kh1 Be6 15. Rfd1 Rd8 16. f3 Nh5 17. Be1 Nf4 18. Qf1 O-O 19. Bd2 Bd4 20. Bxf4 Bxc3
21. Bc1 Bd4 22. c3 Bxc4 23. Qxc4 Bc5 24. b4 Bb6 25. a4 Qb7 26. a5 Bc7 27. Be3 Rd7 28. h4 Bd8 29. a6 Qc7 30. Qb3 Kg7
31. c4 f5 32. exf5 Rxf5 33. Qd3 Kf6 34. g4
1-0

[Event "Blitz chess"]
[Site "SchemingMind.com"]
[Date "2008.05.15"]
[Round "-"]
[White "myghtyhill"]
[Black "Joe Daudish"]
[Result "1/2-1/2"]
[WhiteCountry "CHN"]
[BlackCountry "USA"]
[WhiteElo "1725"]
[WhiteRD "87"]
[BlackElo "1758"]
[BlackRD "44"]
[GameID "154963"]

1. e4 e6 2. d4 d5 3. Nc3 dxe4 4. Nxe4 Nd7 5. Nf3 Ngf6 6. Bd3 Nxe4 7. Bxe4 Nf6 8. Bg5 Be7 9. Bd3 h6 10. Bh4 O-O
11. O-O b6 12. c4 Bb7 13. Ne5 Nd7 14. Bg3 Nxe5 15. Bxe5 c5 16. a3 cxd4 17. Bxd4 Bf6 18. Bxf6 Qxf6 19. Qe2 Rad8 20. Rad1 Rd4
21. b3 Rfd8 22. Bc2 Qg5 23. g3 Qc5 24. b4 Qc6 25. f3 Rxd1 26. Bxd1 Rd4 27. Bb3 a5 28. bxa5 bxa5 29. Kf2 Qc5 30. Kg2 Qxa3
31. Rd1 Qd6 32. Rxd4 Qxd4 33. Qd1 Qxd1 34. Bxd1 Bc6 35. Kf2 Kf8 36. Ke3 e5 37. f4 f6 38. f5 Ke7 39. c5 Kd7 40. Be2 a4
41. Kd2 Kc7 42. Kc3 Bd7 43. g4 Kc6 44. Kb4 Kc7 45. Bf3 Bc6 46. Be2 Bd7 47. Bc4 Bc6 48. Be2 Bd7 49. Bf3 h5 50. h3 hxg4
51. hxg4 Bc6 52. Be2 e4 53. Bc4 Kd7 54. Be2 Kc7 55. Bc4 Kd7 56. Be2 Kc7 57. Bc4 Kd7
1/2-1/2

[Event "Blitz chess"]
[Site "SchemingMind.com"]
[Date "2008.05.19"]
[Round "-"]
[White "startstek"]
[Black "myghtyhill"]
[Result "1-0"]
[WhiteCountry "ALG"]
[BlackCountry "CHN"]
[WhiteElo "2153"]
[WhiteRD "116"]
[BlackElo "1714"]
[BlackRD "79"]
[GameID "154965"]

1. e4 c5 2. Nf3 d6 3. d4 cxd4 4. Nxd4 Nc6 5. Nc3 Nf6 6. Bg5 e6 7. Qd2 Be7 8. O-O-O Nxd4 9. Qxd4 h6 10. Bh4 O-O
11. Kb1 a6 12. Bg3 e5 13. Qd2 b5 14. f3 Be6 15. Nd5 Nxd5 16. exd5 Bf5 17. Bd3 Qd7 18. Bf2 g5 19. h4 a5 20. hxg5 Bxg5
21. Be3 f6 22. Bxg5 hxg5 23. g4 Bxd3 24. Qxd3 Rf7 25. Qg6+
1-0

[Event "Blitz chess"]
[Site "SchemingMind.com"]
[Date "2008.05.15"]
[Round "-"]
[White "dvaldez"]
[Black "myghtyhill"]
[Result "0-1"]
[WhiteCountry "CAN"]
[BlackCountry "CHN"]
[WhiteElo "1903"]
[WhiteRD "94"]
[BlackElo "1725"]
[BlackRD "87"]
[GameID "154966"]

1. e4 e5 2. Nf3 Nc6 3. Bb5 Nf6 4. d3 d5 5. Nxe5 Bd7 6. Bxc6 Bxc6 7. Nxc6 bxc6 8. e5 Nd7 9. Qe2 Bc5 10. O-O O-O
11. e6 fxe6 12. Qxe6+ Kh8 13. Qxc6 Qe7 14. Qxd5 Bxf2+ 15. Kh1 Qe2 16. Nd2 Be3 17. Rf3 Qe1+ 18. Nf1 Qxf1+
0-1

[Event "Blitz chess"]
[Site "SchemingMind.com"]
[Date "2008.05.14"]
[Round "-"]
[White "keen"]
[Black "myghtyhill"]
[Result "0-1"]
[WhiteCountry "SCO"]
[BlackCountry "CHN"]
[WhiteElo "1796"]
[WhiteRD "57"]
[BlackElo "1714"]
[BlackRD "79"]
[GameID "154968"]

1. d4 d5 2. e3 f6 3. Bd3 g6 4. Nd2 Nc6 5. f4 Bg7 6. Ngf3 Bg4 7. O-O Qd7 8. h3 Be6 9. g4 O-O-O 10. Rf2 Nb4
11. Be2 h5 12. c3 hxg4 13. hxg4 Bxg4 14. cxb4 Bh3 15. Nh2 g5 16. Bg4 f5 17. Bxh3 Rxh3 18. Qe2 g4 19. Ndf1 g3 20. Rg2 gxh2+
21. Rxh2 Rxh2 22. Qxh2 Nf6 23. Ng3 Rh8 24. Qc2 Ne4 25. Qg2 Qe6 26. Nxe4 fxe4 27. Bd2 Bxd4 28. Kf2 Bxb2 29. Rb1 Bf6 30. Rg1 Bh4+
31. Kf1 Qa6+ 32. Qe2 Qxe2+ 33. Kxe2 Bf6 34. Be1 Rh2+ 35. Bf2 Bh4 36. Rf1 Kd7 37. Ke1 Bf6 38. Kd1 b5 39. Kd2 Kd6 40. a3 Bb2
41. Kc2 Bf6 42. Kd1= c5 43. Kc1 cxb4 44. axb4 Bc3 45. Be1 Bxe1 46. Rxe1 Ra2 47. Rd1 Ra1+ 48. Kc2 Rxd1 49. Kxd1 d4 50. Kd2 Kd5
0-1

[Event "Blitz chess"]
[Site "SchemingMind.com"]
[Date "2008.05.15"]
[Round "-"]
[White "alejandroales"]
[Black "myghtyhill"]
[Result "1-0"]
[WhiteCountry "ARG"]
[BlackCountry "CHN"]
[WhiteElo "1711"]
[WhiteRD "82"]
[BlackElo "1714"]
[BlackRD "79"]
[GameID "154969"]

1. e4 e5 2. Nf3 Nc6 3. Bb5 Nf6 4. O-O a6 5. Ba4 b5 6. Bb3 Be7 7. Re1 O-O 8. c3 Bb7 9. d4 d6 10. Nbd2 exd4
11. cxd4 Nd7 12. Nf1 Na5 13. Bc2 Nc4 14. Qd3 g6 15. b3 Ncb6 16. Bb2 Bf6 17. e5 dxe5 18. dxe5 Bg7 19. Rad1 Qe7 20. Ng3 Rad8
21. Qe3 Nd5 22. Qa7 Bc8 23. Rxd5 Nb6 24. Rxd8 Rxd8 25. Ne4 Nd5 26. Nf6+ Kh8 27. Qa8 Nb4 28. Bb1 c5 29. Qe4 Bf5 30. Qh4 h6
31. Bxf5 gxf5 32. e6 Bxf6 33. Bxf6+
1-0

[Event "Blitz chess"]
[Site "SchemingMind.com"]
[Date "2008.05.15"]
[Round "-"]
[White "strokem1"]
[Black "myghtyhill"]
[Result "0-1"]
[WhiteCountry "USA"]
[BlackCountry "CHN"]
[WhiteElo "1551"]
[WhiteRD "64"]
[BlackElo "1725"]
[BlackRD "87"]
[GameID "154970"]

1. e4 c5 2. Nf3 d6 3. d4 cxd4 4. Nxd4 Nf6 5. Nc3 g6 6. Bc4 Bg7 7. Be3 O-O 8. f4 Nc6 9. O-O Bg4 10. Nde2 a6
11. a4 Rc8 12. Qd3 Nb4 13. Qd2 Rxc4 14. Nd4 Rc8 15. Na2 Nxa2 16. Rxa2 Nxe4 17. Qd3 Nc5 18. Qd2 Ne4 19. Qb4 Bxd4 20. Qxd4 Nf6
21. b4 Qd7 22. c4 Rc7 23. Rd1 Rfc8 24. Rc1 Be6 25. c5 dxc5 26. Qxd7 Nxd7 27. Rac2 c4 28. Rc3 b5 29. a5 Nf6 30. g3 Rd7
31. Kf2 Ne4+
0-1